| 000 | 00448nam a22001337a 4500 | ||
|---|---|---|---|
| 020 | _a9787546162133 | ||
| 082 | _a951.0099 | ||
| 100 | _aLiang Boshu (Chief Editor) | ||
| 245 |
_aForeign Experts in China: stories of the Chinese Government's friendship award winners _cLiang Boshu (Chief Editor) |
||
| 260 |
_aChina _bHuang Shan Publishing House _c2016 |
||
| 300 | _a168p | ||
| 942 |
_2ddc _cBK |
||
| 999 |
_c586547 _d586547 |
||